1216 1937 1589 1811 1640 1333 1276 1592 1521 1540 1302 1976 1627 1283 1517 1825 1102 1872 1873 1264 1541 1230 1301 1996 1556 1930 1149 1777 1477 1325 1085 1727 1912 1879 1281 1296 1739 1639 1348 1863 1170 1763 1698 1096 1599 1168 1572 1872 1494 1267 1892 1596 1089 1672 1870 1342 1326 1360 1644 1197 1878 1928 1260 1933 1549 1529 1763 1071 1360 1290 1277 1269 1737 1627 1085 1624 1190 1412 1351 1205 1544 1340 1860 1158 1155 1450 1080 1036 1349 1198 1488 1396 1374 1129 1152 1626 1069 1001 1378 BCNSPRNW ULIB Ver.6.0+V

เปลี่ยนเป็นภาษาไทย

Change to English
 แสดงรายละเอียดบรรณานุกรม
  กลับหน้าหลัก

Brief Record : Get Marc (ISO 2709) : E-mail record : QR code < ปิดหน้าต่าง
LEADER : 00000nam 2200000uu 4500
001    13399109787
003     ULIB
008    110411s2552||||th 000 0 tha d
020    9789744664198
060 04 WW290^bม321ต 2552
100 0  มัญชิมา มะกรวัฒนะ
245 10 ต้อหิน ภัยเงียบ-- ที่จะพรากแสงสว่างจากคุณไปตลอดกาล /^cมัญชิมา มะกรวัฒนะ
250    พิมพ์ครั้งที่ 1
260    ปทุมธานี :^bโรงพิมพ์มหาวิทยาลัยธรรมศาสตร์,^c2552
300    115 หน้า :^bภาพประกอบสี ;^c22 ซม.
650  2 Glaucoma
650  2 Glaucoma^xsurgery
650  7 ต้อหิน
650  7 ต้อหิน^xการรักษา
650  7 ตา, โรค
945    ^p120^l0^i027020
945    ^p120^l0^i027021
995    เกษร
999 ^a ใช้งานได้ทุกระบบ
รายการนี้ยังไม่มีแท็ก
คุณยังไม่ได้ล็อกอิน คุณสามารถมีกิจกรรมร่วมกับเว็บไซต์ได้ แต่ต้องล็อกอินก่อน ::
  ล็อกอิน

รายการสื่อสารสนเทศ

ลำดับที่ ประเภท เลขเรียก/บาร์โค้ด สถานที่ สถานะ
1. วิทยาศาสตร์การแพทย์ และสุขภาพ
หนังสือสำรอง
สถานะ=หนังสือสำรอง
WW290 ม321ต 2552 ฉ.1 
  Barcode: 027020
ห้องสมุดวิทยาเขตสวรรค์ประชารักษ์
►ส่วนจัดเก็บหนังสือเก่า สปร
บนชั้น
  ขอยืม

รายการใกล้เคียง
    ผู้แต่ง [มัญชิมา มะกรวัฒนะ]

    หัวเรื่อง [Glaucoma]
    หัวเรื่อง [ต้อหิน]
    หัวเรื่อง [ตา, โรค]

BibComment


ยังไม่เคยถูกคอมเมนท์

คอมเมนท์ทรัพยากรรายการนี้
  คอมเมนท์: ต้อหิน ภัยเงียบ ท..


 Copyright 2026. Bcnsprnw @Library